Normal view
MARC view
Entry Topical Term
001 - CONTROL NUMBER
- control field: 243262
003 - CONTROL NUMBER IDENTIFIER
- control field: OSt
005 - DATE AND TIME OF LATEST TRANSACTION
- control field: 20251030152321.0
008 - FIXED-LENGTH DATA ELEMENTS
- fixed length control field: 251030|| aca||aabn | a|a d
040 ## - CATALOGING SOURCE
- Original cataloging agency: OSt
- Transcribing agency: OSt
150 ## - HEADING--TOPICAL TERM
- Topical term or geographic name entry element: Analytical Chemistry
670 ## - SOURCE DATA FOUND
- Source citation: Work cat.: (OSt)240618: Colin N Banwell 243261, Fundamentals of molecular spectroscopy, 2024